000 00660 a2200265 4500
260 _aCotonou
100 _aAKPAKA, A. Dave G
700 _ad'ALMEIDA, Sorelle M.
260 _bENEAM
300 _b59 p
245 _aDynamisation de la politique commerciale pour la relance du produit "Assia" de la fédérale d'assurance (FEDAS)
650 _aGESTION COMMERCIALE
650 _aMARKETING
650 _aACTION COMMERCIALE
650 _aPOLITIQUE COMMERCIALE
650 _aRELANCE DE PRODUIT
650 _aASSURANCE
650 _aFEDAS
260 _c2007
130 _lFr
500 _a1 ex
040 _aENEAM
999 _c9824
_d9824